000 00454nam a2200181Ia 4500
001 7339
005 20260306160448.0
008 260306t2010||||xx |||||||||||||| ||spa||
041 _aESP
082 _a338.5
_bS19 2010
100 _aSamuelson, Paul A.
_eAUT
245 0 _aMicroeconomía:
_bcon aplicaciones a Latinoamérica
260 _c2010
300 _axxvi, 403 páginas :
_c27 cm.
650 _aGEN
654 _aCAN
942 _cLIB
_dJUS
_fJUS
_2ddc
_n
999 _c7339
_d7339